MDQL
is popping MORE tags! Check the
thread
!
Quizzes
Events
Quiz Creation
Community
Videos
Private Events
Remove Ads
Sign In
Join for FREE
Feedback
Dark Mode
Quiz Categories
Sports
Geography
Music
Movies
Television
Just For Fun
Miscellaneous
History
Literature
Language
Science
Gaming
Entertainment
Religion
Holiday
For Kids
Quiz Lab
Recent
Popular Today
Quiz Kudos Today
Editor Picks
Curator Picks
Quizzes by...
Day
Popularity
Type
Ratings
Length
Year
Community
Subscriptions
Recent Discussions
Orange Saloon
Badges
Playlists
Quests
Create
Leaderboards
Showdown
Live 5
Trivia Bingo
Activity
Puzzle Library
Sporcle Events
Private Events
Virtual Trivia
Globe League
Become a Host
Pub Owners
SporcleCon
Opinionation
Our Games
Videos
Blog
Mobile Apps
Partnerships
Remove Ads and Go Orange
Feedback
Sports
Athletes
MLB
NBA
NHL
NFL
Soccer
Sports Teams
WWE
NCAA
Football
Premier League
Basketball
Baseball
Hockey
Golf
Tennis
Cricket
Rugby
Auto Racing
Olympics
World Cup
Sports
Athletes
MLB
NBA
NHL
NFL
Soccer
Sports Teams
WWE
NCAA
Football
Premier League
Basketball
Baseball
Hockey
Golf
Tennis
Cricket
Rugby
Auto Racing
Olympics
World Cup
Random Quiz
Search Sporcle
×
Curator Pick
Curator Pick
Sports
MLB
Type in answers that appear in a list
Type in answers that appear in a list
Classic
Best Score? Go Orange.
MLB Top 10 WAR (1st thru 22nd year) Stats
Can you name the top ten WAR leaders by their years of experience? (Year # MUST have fallen between 2000-2017)
By
jsnellerwm
14m
220 Questions
5,350 Plays
5,350 Plays
5,350 Plays
Comments
Comments
Give Quiz Kudos
Give Quiz Kudos
-
- Ratings
hide this ad
Replay
Link that replays current quiz
Next Quiz
Link to next quiz in quiz playlist
You Got
0%
They Got
Avg Score
73%
Avg Friend Score
Upgrade to see
Score Distribution
Jump to the score distribution portion of the page
Score
0/220
Timer
14:00
0
Plays Today
Year #:
Player:
% Correct
1st year:
Albert Pujols (6.6)
97.6%
3rd year:
Albert Pujols (8.6)
97.5%
4th year:
Albert Pujols (8.5)
97.5%
5th year:
Albert Pujols (8.5)
97.5%
6th year:
Albert Pujols (8.4)
97.5%
7th year:
Albert Pujols (8.7)
97.5%
8th year:
Albert Pujols (9.2)
97.5%
9th year:
Albert Pujols (9.7)
97.5%
10th year:
Albert Pujols (7.5)
97.5%
2nd year:
Mike Trout (10.8)
97.5%
3rd year:
Mike Trout (9.3)
97.5%
4th year:
Mike Trout (7.9)
97.5%
5th year:
Mike Trout (9.4)
97.4%
6th year:
Mike Trout (10.5)
97.4%
1st year:
Ichiro Suzuki (7.7)
94.5%
4th year:
Ichiro Suzuki (9.1)
94.5%
1st year:
Bryce Harper (5.1)
94.5%
4th year:
Bryce Harper (9.9)
94.4%
14th year:
Chipper Jones (7.6)
93.3%
15th year:
Chipper Jones (7.3)
93.3%
19th year:
Chipper Jones (2.8)
93.3%
5th year:
Andruw Jones (8.2)
93.2%
7th year:
Alex Rodriguez (10.4)
92.1%
8th year:
Alex Rodriguez (8.3)
92.1%
9th year:
Alex Rodriguez (8.8)
92.1%
10th year:
Alex Rodriguez (8.8)
92.1%
11th year:
Alex Rodriguez (7.6)
92.1%
12th year:
Alex Rodriguez (9.4)
92.1%
14th year:
Alex Rodriguez (9.4)
92.1%
15th year:
Alex Rodriguez (6.8)
92.1%
18th year:
Alex Rodriguez (3.9)
92.1%
21st year:
Alex Rodriguez (3.1)
92.1%
15th year:
Barry Bonds (7.7)
92%
16th year:
Barry Bonds (11.9)
92%
17th year:
Barry Bonds (11.8)
92%
18th year:
Barry Bonds (9.2)
92%
19th year:
Barry Bonds (10.6)
92%
21st year:
Barry Bonds (4.0)
92%
22nd year:
Barry Bonds (3.4)
92%
1st year:
Kris Bryant (5.9)
91.3%
2nd year:
Kris Bryant (7.7)
91.2%
9th year:
Pedro Martinez (11.7)
90.4%
12th year:
Pedro Martinez (8.0)
90.4%
14th year:
Pedro Martinez (6.9)
90.4%
15th year:
Edgar Martinez (4.8)
90.3%
9th year:
Miguel Cabrera (7.5)
90.3%
10th year:
Miguel Cabrera (7.2)
90.3%
11th year:
Miguel Cabrera (7.3)
90.3%
13th year:
Randy Johnson (8.1)
89.7%
14th year:
Randy Johnson (10.0)
89.7%
15th year:
Randy Johnson (10.9)
89.7%
17th year:
Randy Johnson (8.5)
89.7%
18th year:
Randy Johnson (5.7)
89.7%
21st year:
Randy Johnson (3.2)
89.7%
22nd year:
Randy Johnson (0.3)
89.7%
13th year:
Justin Verlander (6.2)
89.2%
2nd year:
Evan Longoria (7.0)
89%
3rd year:
Evan Longoria (8.1)
89%
19th year:
David Ortiz (3.2)
88.1%
20th year:
David Ortiz (5.1)
88%
8th year:
Justin Verlander (7.8)
87.6%
7th year:
Justin Verlander (8.4)
87.6%
20th year:
Adrian Beltre (3.6)
87.1%
7th year:
Adrian Beltre (9.5)
85.8%
13th year:
Adrian Beltre (7.8)
85.8%
15th year:
Adrian Beltre (7.2)
85.8%
16th year:
Adrian Beltre (5.6)
85.8%
17th year:
Adrian Beltre (7.0)
85.8%
18th year:
Adrian Beltre (5.8)
85.8%
19th year:
Adrian Beltre (6.5)
85.8%
4th year:
Todd Helton (8.8)
85.2%
8th year:
Todd Helton (8.3)
85.1%
3rd year:
Mookie Betts (9.5)
84.1%
2nd year:
Aaron Judge (7.9)
84%
Year #:
Player:
% Correct
15th year:
Derek Jeter (6.5)
83.5%
12th year:
Luis Gonzalez (7.9)
83.3%
17th year:
Roger Clemens (4.6)
82.9%
18th year:
Roger Clemens (5.6)
82.9%
20th year:
Roger Clemens (4.1)
82.9%
21st year:
Roger Clemens (5.4)
82.9%
22nd year:
Roger Clemens (7.8)
82.9%
10th year:
Max Scherzer (7.0)
82.3%
16th year:
Manny Ramirez (5.9)
82.1%
15th year:
Aramis Ramirez (5.5)
82%
8th year:
Clayton Kershaw (7.5)
81.8%
20th year:
R. Johnson, C. Ripken Jr. (1.4)
81.7%
10th year:
Cliff Lee (8.6)
81.6%
12th year:
Cliff Lee (7.3)
81.6%
9th year:
Derrek Lee (7.7)
81.6%
6th year:
Chase Utley (9.0)
81.5%
7th year:
Chase Utley (8.2)
81.5%
5th year:
Ryan Braun (7.8)
80.5%
10th year:
Felix Hernandez (6.8)
80.4%
8th year:
Giancarlo Stanton (7.5)
80.4%
6th year:
Roy Halladay (8.1)
80.3%
12th year:
Roy Halladay (6.9)
80.3%
13th year:
Roy Halladay (8.3)
80.3%
14th year:
Roy Halladay (8.9)
80.3%
14th year:
Zack Greinke (6.1)
80.1%
11th year:
Joey Votto (7.4)
80%
15th year:
Greg Maddux (6.6)
79.3%
16th year:
Greg Maddux (5.1)
79.3%
19th year:
Greg Maddux (3.2)
79.3%
20th year:
Greg Maddux (2.8)
79.3%
21st year:
Greg Maddux (3.1)
79.3%
22nd year:
Greg Maddux (2.6)
79.3%
2nd year:
Tim Lincecum (7.9)
79%
3rd year:
Tim Lincecum (7.5)
79%
5th year:
Paul Goldschmidt (8.8)
78.9%
3rd year:
Josh Donaldson (7.7)
78.7%
5th year:
Josh Donaldson (8.8)
78.6%
14th year:
Curt Schilling (8.8)
78.6%
15th year:
Curt Schilling (8.7)
78.6%
16th year:
Curt Schilling (6.0)
78.6%
17th year:
Curt Schilling (7.9)
78.6%
19th year:
Curt Schilling (5.5)
78.6%
20th year:
Curt Schilling (4.0)
78.6%
7th year:
Jose Altuve (8.5)
78.1%
1st year:
Jose Abreu (5.5)
78%
6th year:
Robinson Cano (8.1)
78%
8th year:
Robinson Cano (8.4)
78%
9th year:
Robinson Cano (7.8)
78%
12th year:
Robinson Cano (7.3)
78%
6th year:
Zack Greinke (10.4)
77.4%
12th year:
Zack Greinke (9.3)
77.4%
13th year:
Sammy Sosa (10.3)
77.3%
1st year:
Jose Fernandez (6.3)
77.2%
21st year:
Ken Griffey Jr. (0.6)
77%
4th year:
David Wright (8.3)
76.5%
5th year:
Johan Santana (8.6)
75.8%
9th year:
Carlos Beltran (8.2)
74.7%
11th year:
Carlos Beltran (6.9)
74.7%
17th year:
John Smoltz (4.9)
74.5%
18th year:
John Smoltz (5.9)
74.5%
19th year:
John Smoltz (4.6)
74.5%
4th year:
Josh Hamilton (8.7)
74.4%
13th year:
Larry Walker (7.8)
74.3%
14th year:
Larry Walker (6.1)
74.3%
20th year:
Tom Glavine (2.8)
73.9%
18th year:
Tom Glavine (4.0)
73.9%
19th year:
Tom Glavine (4.1)
73.9%
21st year:
Tom Glavine (2.0)
73.9%
8th year:
Jose Bautista (8.1)
73.5%
5th year:
Andrew McCutchen (8.1)
72.7%
7th year:
Jason Giambi (9.1)
72.4%
9th year:
Joey Votto (7.6)
72.3%
7th year:
Corey Kluber (8.0)
72.2%
10th year:
Gio Gonzalez (6.9)
72.2%
Year #:
Player:
% Correct
6th year:
Dustin Pedroia (7.9)
71.1%
2nd year:
Troy Tulowitzki (6.8)
69.1%
12th year:
Jim Thome (7.4)
67.9%
20th year:
Jim Thome (3.6)
67.9%
22nd year:
Jim Thome (0.5)
67.9%
11th year:
CC Sabathia (7.5)
67.5%
16th year:
Jamie Moyer (5.6)
67.4%
17th year:
Jamie Moyer (4.8)
67.4%
20th year:
Jamie Moyer (2.0)
67.4%
21st year:
Jamie Moyer (0.5)
67.4%
22nd year:
Jamie Moyer (2.8)
67.4%
4th year:
Corey Kluber (7.4)
67.1%
8th year:
C. Delgado, M. Tejada (7.3)
66%
10th year:
Lance Berkman (6.8)
65.9%
6th year:
Jake Arrieta (8.7)
65.4%
2nd year:
Roy Oswalt (6.9)
64.7%
3rd year:
Troy Glaus (7.8)
63.1%
6th year:
Matt Kemp (8.2)
62.8%
11th year:
Jeff Kent (7.0)
61.5%
12th year:
Jim Edmonds (7.2)
61.4%
11th year:
Andy Pettitte (6.8)
60.2%
2nd year:
Mark Prior (7.4)
59.6%
16th year:
Bartolo Colon (5.0)
59.5%
19th year:
Bartolo Colon (3.4)
59.5%
4th year:
Ben Zobrist (8.6)
58.7%
6th year:
Ben Zobrist (8.7)
58.7%
1st year:
Brandon Webb (6.2)
58.2%
13th year:
Mike Mussina (6.6)
57.6%
16th year:
Mike Mussina (5.0)
57.6%
18th year:
Mike Mussina (5.2)
57.6%
11th year:
Mike Mussina (7.1)
57.6%
1st year:
Jason Heyward (6.4)
56%
10th year:
Bret Boone (8.8)
54.9%
16th year:
Gary Sheffield (6.8)
53.6%
18th year:
Gary Sheffield (4.1)
53.6%
20th year:
Gary Sheffield (3.0)
53.6%
22nd year:
Gary Sheffield (0.3)
53.6%
13th year:
Gary Sheffield (6.1)
53.6%
11th year:
Magglio Ordonez (7.3)
52.2%
4th year:
Curtis Granderson (7.6)
51.6%
5th year:
Jacoby Ellsbury (8.1)
51.5%
9th year:
Scott Rolen (9.1)
49.8%
19th year:
David Wells (3.2)
48.3%
12th year:
Javy Lopez (6.8)
46.9%
17th year:
Rafael Palmeiro (4.5)
46.9%
1st year:
Michael Fulmer (4.9)
46.6%
5th year:
Darin Erstad (8.3)
46.4%
10th year:
Shawn Green (6.9)
45.2%
13th year:
Roberto Alomar (5.6)
42.6%
14th year:
Roberto Alomar (7.3)
42.6%
16th year:
Torii Hunter (5.7)
40%
1st year:
Austin Jackson (5.1)
39.8%
14th year:
Kevin Brown (7.2)
39%
17th year:
Kevin Brown (4.5)
39%
22nd year:
Rickey Henderson (0.7)
35.9%
3rd year:
Nick Markakis (7.4)
34.3%
7th year:
Carlos Gomez (8.5)
33%
17th year:
Kenny Rogers (4.8)
32.6%
2nd year:
Hisashi Iwakuma (7.0)
31.7%
2nd year:
Andrelton Simmons (7.0)
30.9%
8th year:
Chone Figgins (7.7)
30%
13th year:
John Lackey (5.7)
28.8%
3rd year:
Marcus Giles (7.8)
28.2%
3rd year:
Kevin Kiermaier (7.3)
28.1%
22nd year:
Tim Raines (0.6)
25.3%
7th year:
J.D. Drew (8.3)
24.8%
18th year:
Al Leiter (4.8)
24.2%
21st year:
Omar Vizquel (0.9)
23.9%
9th year:
Esteban Loaiza (7.2)
22.3%
11th year:
Ryan Dempster (7.0)
20.8%
22nd year:
Jesse Orosco (0.3)
14.6%
21st year:
LaTroy Hawkins (0.6)
14.5%
Quiz Playlist
Details
Report
Send in Message
Add To Playlist
Classic:
Type in answers that appear in a list
Quiz Source
Last Updated: Sep 29, 2017
Curator Pick in
Baseball
Quiz Scoreboard
CHALLENGE
Sign Up to Join the Scoreboard
Show All
Scores
Hide
Comments
May contain spoilers
Recently Published
Street Fighter Characters
by Artimus82
Gaming
60s
9x9 Crossword: Cartoon Network
by jackfrog10
Miscellaneous
3m
College Basketball Coaching Resumes
by pancakes188
Sports
9m
More to Explore
Quiz From the Vault
Featured Blog Post
Where Did the Easter Bunny Come From?
hide this ad
You Might Also Like...
Tags
Baseball Quiz
MLB Quiz
22nd
Between
Experience
fallen
Leader
must
Player
ten
thru
Today's Top Quizzes in Sports
Browse Sports
hide this ad
Today's Top Quizzes in MLB
Browse MLB
Top Contributed Quizzes in Sports
1
2022 World Cup Stars
2
Les meilleurs buteurs des matchs entre le PSG et l’OM
3
FIFA Club World Cup Champions
4
Les entraîneurs de l'OM et du PSG au 21e siècle
5
Criteria MLB: Left Handed Sluggers
6
2023 MLB Unique Player Accomplishments
7
AFC Teams Reveal (Wrong Answers Minefield)
8
Players with Multiple 50 Home Run Seasons
9
5-to-1: FBS Animal Nicknames
10
5-to-1: UK Sports Teams
Explore More
Trending Topics
Marvel
Anime
Disney
Kpop
NBA
Harry Potter
Crossword
WWE
The Office
NFL
Song
Country
Pokémon
Soccer
Puzzle
hide this ad
More By:
jsnellerwm
Quiz
Plays
Rating
Category
Featured
Created
NBA Draft Class Top Scorers
67,425
4.87
Sports
Dec 28, 2016
NBA Playoff Point Leaders
52,158
4.77
Sports
Apr 25, 2017
30-Points in NBA Finals Decider
52,113
4.69
Sports
Jun 13, 2017
NBA Quickest to 500 Points
47,709
4.69
Sports
Jun 26, 2017
NBA: 1,000 Games, 75% Starts
42,204
4.70
Sports
Dec 27, 2016
Go to Creator's Profile
Score Distribution
Quiz Creator Spotlight
jsnellerwm
Follow
Send a Message
Quizzes Created
-
Created Quiz Play Count
-
More By This Creator
Popular Quizzes Today
1
Find the US States - No Outlines Minefield
2
Find the Countries of Europe - No Outlines Minefield
3
The Countries of the World
4
Find the US States
5
Risky Map Clicking: Biggest States A-Z
6
US States
7
Popular People in 1961
8
Movies - When Are They Set?
More Sports Quizzes
Jordan F1 winners (in order)
Quiz Lab
Trending Quizzes
Risky Map Clicking: Least Populous States A-Z
1-10 Letter G Words
Risky Map Clicking: Next State Alphabetically
Adjectives in 80s TV Shows
The Seven Year Switch: Catherine
Recently Updated
Leaping Animals
pecheneg
Reality TV Shows (A-Z)
bhenderson79
Rickey Henderson's Hall of Fame Teammates
pecheneg
Champions League XIs: Arsenal
pecheneg
Quick Pick: Celebrities in WWE's Hall of Fame
aduchscher
A-Z Keypad Blitz II
pecheneg
Multiple Oscar Actors
pecheneg
Mystery Phrase Blitz: Oscar 'Best Actors'
pecheneg
F. Scott Fitzgerald Novels
LTH
Pick 3 Villains
ddd62291
Trending Topics
Disney
Anime
Marvel
Harry Potter
Crossword
Kpop
NBA
Puzzle
Soccer
The Office
Song
WWE
NFL
Country
Pokémon
Your Account Isn't Verified!
In order to create a playlist on Sporcle, you need to verify the email address you used during registration. Go to your
Sporcle Settings
to finish the process.
Report this User
Report this user for behavior that violates our
Community Guidelines
.
Details:
Send Report
Go to the Sporcle.com Mobile Site →
Comments